Les grands syndromes ... (Record no. 38336)

MARC details
000 -LEADER
fixed length control field 00503cam a22002051 4500
001 - CONTROL NUMBER
control field med47001553
003 - CONTROL NUMBER IDENTIFIER
control field DLC
005 - DATE AND TIME OF LATEST TRANSACTION
control field 20260227111602.0
008 - FIXED-LENGTH DATA ELEMENTS--GENERAL INFORMATION
fixed length control field 810815m19469999xx 000 0 fre
010 ## - LIBRARY OF CONGRESS CONTROL NUMBER
LC control number med47001553
035 ## - SYSTEM CONTROL NUMBER
System control number (OCoLC)14729512
040 ## - CATALOGING SOURCE
Original cataloging agency DLC
Transcribing agency DNLM
Modifying agency DLC
042 ## - AUTHENTICATION CODE
Authentication code premarc
050 00 - LIBRARY OF CONGRESS CALL NUMBER
Classification number RC71
Item number .B38
060 0# - NATIONAL LIBRARY OF MEDICINE CALL NUMBER
Classification number WB 143
Item number B345g 1946
100 1# - MAIN ENTRY--PERSONAL NAME
Personal name Baufle, Paul,
Dates associated with a name 1885-1946.
245 14 - TITLE STATEMENT
Title Les grands syndromes ...
260 ## - PUBLICATION, DISTRIBUTION, ETC.
Place of publication, distribution, etc. Paris,
Name of publisher, distributor, etc. Le François,
Date of publication, distribution, etc. 1946-
300 ## - PHYSICAL DESCRIPTION
Extent v.

No items available.

Powered by Koha